[Event "POL-chT 2nd League"]
[Site "Jastrzebia Gora"]
[Date "2019.09.14"]
[Round "8.18"]
[White "Kowalec, Maciej"]
[Black "Siekaniec, Jan"]
[Result "1-0"]
[WhiteElo "2054"]
[BlackElo "2009"]
[PlyCount "47"]
[EventDate "2019.09.07"]
[EventType "team-swiss"]
[EventRounds "9"]
[EventCountry "POL"]
[SourceTitle "EXT 2020"]
[Source "ChessBase"]
[SourceDate "2019.10.17"]
[SourceVersion "1"]
[SourceVersionDate "2019.10.17"]
[SourceQuality "1"]
[WhiteTeam "Minsk Mazowiecki MTSz"]
[BlackTeam "Zarzewie Prudnik"]
[WhiteTeamCountry "POL"]
[BlackTeamCountry "POL"]

1. d4 Nf6 2. Bg5 g6 3. Bxf6 exf6 4. e3 Bg7 5. Ne2 0-0 6. Nf4 f5 7. h4 h5 8. Bc4 Re8 9. c3 c6 10. d5 Qf6 11. Nd2 c5 12. d6 Nc6 13. Nf3 Bf8 14. Qd5 Bxd6 15. 0-0-0 Bf8 16. Rh3 d6 17. Ng5 Nd8 18. Rg3 Re5 19. Nxh5 Qe7 20. Qf3 Ne6 21. Nf4 Nxg5 22. Rxg5 Kg7 23. Qh5 Qf6 24. Bxf7 1-0

[Event "POL-chT 2nd League"]
[Site "Jastrzebia Gora"]
[Date "2018.09.09"]
[Round "9.10"]
[White "Siekaniec, Jan"]
[Black "Kubica, Kamil"]
[Result "1/2-1/2"]
[WhiteElo "2071"]
[BlackElo "2153"]
[PlyCount "63"]
[EventDate "2018.09.01"]
[EventType "team-swiss"]
[EventRounds "9"]
[EventCountry "POL"]
[SourceTitle "CBM 186 Extra"]
[Source "ChessBase"]
[SourceDate "2018.08.24"]
[SourceVersion "1"]
[SourceVersionDate "2018.08.24"]
[SourceQuality "1"]
[WhiteTeam "Prudnik LKS Zarzewie"]
[BlackTeam "Czerwionka Leszczyny Skoczek"]
[WhiteTeamCountry "POL"]
[BlackTeamCountry "POL"]

1. e4 e5 2. Nf3 Nc6 3. Bc4 Bc5 4. d3 Nf6 5. 0-0 d6 6. Bb3 Bb6 7. h3 h6 8. c3 0-0 9. Re1 Re8 10. Rf1 Be6 11. Nbd2 d5 12. Qe2 dxe4 13. dxe4 Bxb3 14. Nxb3 Qe7 15. Re1 Rad8 16. Nbd2 Nd7 17. Nc4 Na5 18. Nxa5 Bxa5 19. Be3 Bb6 20. Bxb6 Nxb6 21. Red1 c6 22. Rxd8 Rxd8 23. Rd1 Rd6 24. b3 Qd7 25. Rxd6 Qxd6 26. Qd2 Qxd2 27. Nxd2 Kf8 28. Kf1 Ke7 29. Ke2 Ke6 30. Kd3 Nd7 31. Ke3 b6 32. Kd3 1/2-1/2

[Event "POL-chT 2nd League"]
[Site "Jastrzebia Gora"]
[Date "2018.09.06"]
[Round "6.82"]
[White "Siekaniec, Jan"]
[Black "Bernat, Marcin"]
[Result "0-1"]
[WhiteElo "2071"]
[BlackElo "2080"]
[PlyCount "84"]
[EventDate "2018.09.01"]
[EventType "team-swiss"]
[EventRounds "9"]
[EventCountry "POL"]
[SourceTitle "CBM 186 Extra"]
[Source "ChessBase"]
[SourceDate "2018.08.24"]
[SourceVersion "1"]
[SourceVersionDate "2018.08.24"]
[SourceQuality "1"]
[WhiteTeam "Prudnik LKS Zarzewie"]
[BlackTeam "Lipno Steszew"]
[WhiteTeamCountry "POL"]
[BlackTeamCountry "POL"]

1. e4 e6 2. d3 c5 3. Nf3 Nc6 4. g3 g6 5. Bg2 Bg7 6. 0-0 Nge7 7. c3 e5 8. Nbd2 0-0 9. Ne1 d6 10. f4 f5 11. Ndf3 h6 12. Be3 Kh7 13. Qc2 Be6 14. Nh4 Qd7 15. Nef3 Rac8 16. Rae1 Nd4 17. Qb1 Nxf3+ 18. Nxf3 b6 19. Bd2 Rce8 20. b3 a5 21. Re2 exf4 22. gxf4 b5 23. Rfe1 b4 24. Qc1 Nc6 25. exf5 Bxf5 26. Rxe8 Rxe8 27. cxb4 axb4 28. Qc4 Nd4 29. Nxd4 Bxd4+ 30. Kf1 Rxe1+ 31. Bxe1 Qe7 32. Bf2 Bxf2 33. Kxf2 Kg7 34. Qd5 Qh4+ 35. Ke2 Qxf4 36. Qb7+ Kf6 37. Qa8 Bg4+ 38. Ke1 Qe3+ 39. Kf1 Be2+ 40. Ke1 Bf3+ 41. Kf1 Qe2+ 42. Kg1 Qxg2# 0-1

[Event "POL-chT 2nd League"]
[Site "Jastrzebia Gora"]
[Date "2018.09.03"]
[Round "3.100"]
[White "Lukasik, Adam"]
[Black "Siekaniec, Jan"]
[Result "1-0"]
[WhiteElo "1985"]
[BlackElo "2071"]
[PlyCount "77"]
[EventDate "2018.09.01"]
[EventType "team-swiss"]
[EventRounds "9"]
[EventCountry "POL"]
[SourceTitle "CBM 186 Extra"]
[Source "ChessBase"]
[SourceDate "2018.08.24"]
[SourceVersion "1"]
[SourceVersionDate "2018.08.24"]
[SourceQuality "1"]
[WhiteTeam "Siedlce KSz Skoczek"]
[BlackTeam "Prudnik LKS Zarzewie"]
[WhiteTeamCountry "POL"]
[BlackTeamCountry "POL"]

1. d4 Nf6 2. Nf3 g6 3. c4 Bg7 4. g3 0-0 5. Bg2 d6 6. 0-0 Nbd7 7. Nc3 e5 8. h3 Re8 9. e4 c6 10. Be3 exd4 11. Nxd4 Nc5 12. Qc2 a5 13. Rad1 Nfd7 14. f4 a4 15. Rfe1 Qa5 16. Nde2 Qb4 17. a3 Qxc4 18. Rxd6 Nf8 19. Bd4 Nb3 20. Bf2 Qa6 21. Kh2 Ne6 22. e5 Bf8 23. Ne4 Be7 24. N2c3 Kg7 25. Rdd1 Nc7 26. Bf1 Qa5 27. Bc4 Be6 28. Bxe6 Nxe6 29. Nd6 Bxd6 30. exd6 Red8 31. Re5 c5 32. Ne4 Rac8 33. Rxe6 fxe6 34. Ng5 Nd4 35. Qe4 Qa6 36. Qe5+ Kg8 37. Bxd4 cxd4 38. Qxe6+ Kf8 39. Qf7# 1-0

[Event "POL-chT 2nd League"]
[Site "Jastrzebia Gora"]
[Date "2016.09.03"]
[Round "1.69"]
[White "Garbowski, Jakub"]
[Black "Siekaniec, Jan"]
[Result "1-0"]
[WhiteElo "2030"]
[BlackElo "2076"]
[PlyCount "63"]
[EventDate "2016.09.03"]
[EventType "team-swiss"]
[EventRounds "9"]
[EventCountry "POL"]
[SourceTitle "EXT 2017"]
[Source "ChessBase"]
[SourceDate "2016.10.25"]
[SourceVersion "1"]
[SourceVersionDate "2016.10.25"]
[SourceQuality "1"]
[WhiteTeam "Jaworzno JKSz MCKiS"]
[BlackTeam "Prudnik LKS Zarzewie"]
[WhiteTeamCountry "POL"]
[BlackTeamCountry "POL"]

1. e4 c5 2. Nf3 a6 3. Nc3 Nc6 4. d4 cxd4 5. Nxd4 e6 6. Be2 Nf6 7. 0-0 Qc7 8. Kh1 b5 9. a3 Bb7 10. f4 d6 11. Bf3 Rd8 12. Nb3 Be7 13. Be3 0-0 14. Qe2 Nd7 15. Rad1 Nb6 16. Nd4 Nc4 17. Ndxb5 axb5 18. Nxb5 Qa5 19. Qxc4 Ba6 20. Be2 Rb8 21. a4 Rfc8 22. Qb3 Qd8 23. c3 Na5 24. Qa2 Nb7 25. Rd4 Ra8 26. Qb1 d5 27. exd5 Bc5 28. dxe6 Bxd4 29. exf7+ Kxf7 30. Qa2+ Kf8 31. Nxd4 Bxe2 32. Ne6+ 1-0

[Event "POL-chT 2nd League"]
[Site "Jastrzebia Gora"]
[Date "2015.09.11"]
[Round "7.40"]
[White "Nowak, Kamil"]
[Black "Siekaniec, Jan"]
[Result "1/2-1/2"]
[WhiteElo "2133"]
[BlackElo "2096"]
[PlyCount "85"]
[EventDate "2015.09.05"]
[EventType "team-swiss"]
[EventRounds "9"]
[EventCountry "POL"]
[SourceTitle "EXT 2017"]
[Source "ChessBase"]
[SourceDate "2016.10.25"]
[SourceVersion "1"]
[SourceVersionDate "2016.10.25"]
[SourceQuality "1"]
[WhiteTeam "Wroclaw MUKS MDK Fabryczna"]
[BlackTeam "Prudnik LKS Zarzewie"]
[WhiteTeamCountry "POL"]
[BlackTeamCountry "POL"]

1. e4 c5 2. Nf3 d6 3. Bb5+ Bd7 4. Bxd7+ Qxd7 5. c4 Nc6 6. 0-0 Nf6 7. Nc3 e6 8. d4 cxd4 9. Nxd4 Be7 10. Nde2 0-0 11. f3 Rfd8 12. Be3 d5 13. cxd5 exd5 14. exd5 Nxd5 15. Nxd5 Qxd5 16. Qxd5 Rxd5 17. Rad1 Rad8 18. Rxd5 Rxd5 19. Nc3 Rd3 20. Kf2 f5 21. Ke2 Rd8 22. Rd1 Rxd1 23. Kxd1 Kf7 24. a3 Ke6 25. Kc2 h5 26. f4 Bf6 27. Kd3 Bxc3 28. Kxc3 Kd5 29. Kd3 a6 30. Bb6 g6 31. b3 Ne7 32. Bc7 Nc8 33. a4 Ne7 34. Be5 Nc6 35. Bc3 Nd8 36. Bd2 Nf7 37. Be3 Nh6 38. Bd4 Ng4 39. h3 Nh6 40. Bf6 Nf7 41. Be7 Ke6 42. Ba3 Kd5 43. Be7 1/2-1/2

[Event "POL-chT 2nd League"]
[Site "Jastrzebia Gora"]
[Date "2015.09.10"]
[Round "6.58"]
[White "Siekaniec, Jan"]
[Black "Szustakowski, Antoni"]
[Result "0-1"]
[WhiteElo "2096"]
[BlackElo "2030"]
[PlyCount "140"]
[EventDate "2015.09.05"]
[EventType "team-swiss"]
[EventRounds "9"]
[EventCountry "POL"]
[SourceTitle "EXT 2017"]
[Source "ChessBase"]
[SourceDate "2016.10.25"]
[SourceVersion "1"]
[SourceVersionDate "2016.10.25"]
[SourceQuality "1"]
[WhiteTeam "Prudnik LKS Zarzewie"]
[BlackTeam "Zielonka Zieloni"]
[WhiteTeamCountry "POL"]
[BlackTeamCountry "POL"]

1. Nf3 d5 2. g3 c5 3. Bg2 Nf6 4. 0-0 Nc6 5. d3 e5 6. Nbd2 Be7 7. e4 0-0 8. Re1 dxe4 9. dxe4 Qc7 10. c3 h6 11. Qe2 Be6 12. Nh4 Rfd8 13. Nf5 Bf8 14. Qf3 g6 15. Ne3 Bg7 16. Bf1 Rd7 17. Nb3 b6 18. Bb5 Rad8 19. Kg2 Qb7 20. c4 Rd3 21. Qe2 Nb4 22. Nd5 a6 23. Ba4 Nfxd5 24. cxd5 Nxd5 25. Nd2 Ne7 26. Bc2 R3d7 27. Bb3 Bxb3 28. axb3 b5 29. Qe3 Qc6 30. b4 cxb4 31. Nb3 Rd3 32. Qc5 Qe6 33. Na5 Rc8 34. Qa7 Rd7 35. Qe3 Qd6 36. Nb3 Rc2 37. Qf3 Qd3 38. Re3 Qd6 39. Re2 Rxe2 40. Qxe2 Kh7 41. Be3 Rc7 42. f3 f5 43. Rd1 Qf6 44. Nc5 fxe4 45. fxe4 Qc6 46. Kg1 a5 47. Qg4 Qb6 48. Qf3 Qf6 49. Qg4 h5 50. Qe2 Nc6 51. Rf1 Qe7 52. Na6 Ra7 53. Qxb5 Nd4 54. Qb6 Qb7 55. Qxb7 Rxb7 56. Rd1 Rb6 57. Nc7 Rc6 58. Nd5 Rc2 59. Rf1 Re2 60. Rf7 Kg8 61. Ra7 Rxb2 62. h4 Nf3+ 63. Kf1 Nh2+ 64. Kg1 Ng4 65. Bg5 b3 66. Rxa5 Ra2 67. Rb5 b2 68. Rb8+ Kh7 69. Nc3 Ra1+ 70. Kg2 Rc1 0-1

[Event "POL-chT 2nd League"]
[Site "Szczyrk"]
[Date "2014.09.09"]
[Round "4.51"]
[White "Wolynski, Krzysztof"]
[Black "Siekaniec, Jan"]
[Result "1/2-1/2"]
[WhiteElo "2102"]
[BlackElo "2013"]
[PlyCount "119"]
[EventDate "2014.09.06"]
[EventType "team-swiss"]
[EventRounds "9"]
[EventCountry "POL"]
[SourceTitle "EXT 2015"]
[Source "ChessBase"]
[SourceDate "2014.11.20"]
[SourceVersion "1"]
[SourceVersionDate "2014.11.20"]
[SourceQuality "1"]
[WhiteTeam "Rybnik MKSz"]
[BlackTeam "Prudnik LKS Zarzewie"]
[WhiteTeamCountry "POL"]
[BlackTeamCountry "POL"]

1. e4 c5 2. Nf3 e6 3. d4 cxd4 4. Nxd4 a6 5. Nc3 Qc7 6. Be2 Nf6 7. Be3 Bb4 8. Bd3 Bxc3+ 9. bxc3 Qxc3+ 10. Ke2 Nc6 11. Nxc6 Qxc6 12. f3 d5 13. e5 Nd7 14. Bd4 0-0 15. f4 Nc5 16. Qg1 Ne4 17. Qe3 Bd7 18. Rhb1 Rfc8 19. Rb6 Qa4 20. Bxe4 dxe4 21. c3 Bb5+ 22. Ke1 Qc4 23. Kf2 Qa4 24. Rxb7 Rab8 25. Rxb8 Rxb8 26. Qxe4 Bc4 27. Kg3 Qb5 28. Qc2 h5 29. Rd1 Bd5 30. Rd2 Qc4 31. h3 Rb5 32. f5 Ra5 33. fxe6 Bxe6 34. Bb6 Rd5 35. Bd4 Ra5 36. Bb6 h4+ 37. Kh2 Qf4+ 38. Kg1 Bf5 39. Qd1 Rxe5 40. Rd8+ Kh7 41. Qh5+ Qh6 42. Qxh6+ Kxh6 43. Rd2 Be6 44. a4 Re1+ 45. Kf2 Rc1 46. Rd4 Rc2+ 47. Kg1 g5 48. Rd3 Kh5 49. a5 Bc4 50. Rd6 Rc1+ 51. Kh2 Rxc3 52. Rc6 Rc2 53. Rc5 f6 54. Kh1 Bd3 55. Rxc2 Bxc2 56. Kg1 g4 57. hxg4+ Kxg4 58. Kf2 Be4 59. Bc7 f5 60. Bd6 1/2-1/2

[Event "POL-chT 2nd League"]
[Site "Szczyrk"]
[Date "2014.09.08"]
[Round "3.27"]
[White "Siekaniec, Jan"]
[Black "Kaim, Piotr"]
[Result "0-1"]
[WhiteElo "2013"]
[BlackElo "2216"]
[PlyCount "96"]
[EventDate "2014.09.06"]
[EventType "team-swiss"]
[EventRounds "9"]
[EventCountry "POL"]
[SourceTitle "EXT 2015"]
[Source "ChessBase"]
[SourceDate "2014.11.20"]
[SourceVersion "1"]
[SourceVersionDate "2014.11.20"]
[SourceQuality "1"]
[WhiteTeam "Prudnik LKS Zarzewie"]
[BlackTeam "Warszawa YMCA"]
[WhiteTeamCountry "POL"]
[BlackTeamCountry "POL"]

1. e4 c6 2. d4 d5 3. Nd2 dxe4 4. Nxe4 Nf6 5. Nxf6+ gxf6 6. c3 Qd5 7. Be3 h5 8. Ne2 Bg4 9. Qb3 Qxb3 10. axb3 Nd7 11. f3 Bf5 12. Ra5 e6 13. Ng3 Bg6 14. Kf2 Bd6 15. b4 h4 16. Ne2 Bc7 17. Ra3 Bd3 18. Nf4 Bxf1 19. Rxf1 Nb6 20. b3 a6 21. Kg1 0-0-0 22. Ra2 Rhg8 23. Rd1 Rg7 24. Nh5 Rg6 25. Nf4 Bxf4 26. Bxf4 Nd5 27. Bd2 Rdg8 28. Be1 h3 29. g3 f5 30. c4 Nf6 31. b5 cxb5 32. cxb5 axb5 33. Rc1+ Kd7 34. Ra7 Rb8 35. Rc5 Ne8 36. Bd2 Nd6 37. Bf4 Rgg8 38. Kf2 Ra8 39. Rxa8 Rxa8 40. g4 fxg4 41. Bxd6 Ra2+ 42. Kg3 Rg2+ 43. Kf4 gxf3 44. Kxf3 Kxd6 45. Rxb5 Kc6 46. Rc5+ Kb6 47. Rh5 Rxh2 48. Kg4 Rd2 0-1

[Event "POL-chT 2nd League"]
[Site "Szczyrk"]
[Date "2014.09.07"]
[Round "2.45"]
[White "Pinkas, Karol"]
[Black "Siekaniec, Jan"]
[Result "1/2-1/2"]
[WhiteElo "2268"]
[BlackElo "2013"]
[PlyCount "80"]
[EventDate "2014.09.06"]
[EventType "team-swiss"]
[EventRounds "9"]
[EventCountry "POL"]
[SourceTitle "EXT 2015"]
[Source "ChessBase"]
[SourceDate "2014.11.20"]
[SourceVersion "1"]
[SourceVersionDate "2014.11.20"]
[SourceQuality "1"]
[WhiteTeam "Jaworzno JKSz MCKiS"]
[BlackTeam "Prudnik LKS Zarzewie"]
[WhiteTeamCountry "POL"]
[BlackTeamCountry "POL"]

1. e4 c5 2. Nf3 e6 3. Nc3 a6 4. d4 cxd4 5. Nxd4 Qc7 6. g3 Nf6 7. Bg2 d6 8. 0-0 Be7 9. Re1 0-0 10. g4 Nc6 11. Nxc6 bxc6 12. g5 Nd7 13. f4 d5 14. e5 Rd8 15. Qh5 Nf8 16. Kh1 Rb8 17. a3 Bd7 18. Qg4 Rb7 19. h4 Rdb8 20. h5 c5 21. Qg3 c4 22. f5 Bc5 23. g6 hxg6 24. hxg6 Bc6 25. fxe6 fxe6 26. Rf1 Bd4 27. Rxf8+ Kxf8 28. Qf4+ Ke7 29. Qf7+ Kd8 30. Bg5+ Kc8 31. Qf8+ Kd7 32. Qxg7+ Kc8 33. Qg8+ Kd7 34. Qf7+ Kc8 35. Qg8+ Kd7 36. Qf7+ Kc8 37. Qg8+ Kd7 38. Qf7+ Kc8 39. Qg8+ Kd7 40. Qf7+ Kc8 1/2-1/2

[Event "POL-chT2"]
[Site "Poronin"]
[Date "2013.09.12"]
[Round "7.63"]
[White "Siekaniec, Jan"]
[Black "Puczylowski, Marcin"]
[Result "1/2-1/2"]
[WhiteElo "2079"]
[BlackElo "2033"]
[PlyCount "84"]
[EventDate "2013.09.06"]
[EventType "team-swiss"]
[EventRounds "9"]
[EventCountry "POL"]
[SourceTitle "EXT 2015"]
[Source "ChessBase"]
[SourceDate "2014.11.20"]
[SourceVersion "1"]
[SourceVersionDate "2014.11.20"]
[SourceQuality "1"]
[WhiteTeam "Prudnik LKS Zarzewie"]
[BlackTeam "Debica Gryf"]
[WhiteTeamCountry "POL"]
[BlackTeamCountry "POL"]

1. e4 e5 2. Nf3 Nc6 3. Bc4 Bc5 4. 0-0 d6 5. d3 Nf6 6. c3 0-0 7. h3 Bb6 8. Re1 Ne7 9. a4 c6 10. Bb3 Ng6 11. Nbd2 Qe7 12. Nf1 Nh5 13. Bg5 Qe8 14. a5 Bc5 15. Nxe5 Qxe5 16. Qxh5 Nf4 17. d4 Nxh5 18. dxe5 dxe5 19. Bc4 h6 20. Be3 Bxe3 21. Nxe3 Nf4 22. Red1 Be6 23. Rd6 Rfd8 24. Rad1 Rxd6 25. Rxd6 Kf8 26. Bxe6 Nxe6 27. a6 b6 28. Rxc6 Nc5 29. b4 Nxa6 30. Nd5 Rd8 31. f3 f5 32. Kf2 fxe4 33. fxe4 Kf7 34. Ke3 Nb8 35. Rc7+ Rd7 36. Rc8 Rb7 37. b5 Nd7 38. Nb4 Ke7 39. Rg8 Kd6 40. Rxg7 Kc5 41. Nd3+ Kxb5 42. Nxe5 Nc5 1/2-1/2

[Event "POL-chT2"]
[Site "Poronin"]
[Date "2013.09.07"]
[Round "1"]
[White "Siekaniec, Jan"]
[Black "Tokarski, Lukasz"]
[Result "0-1"]
[WhiteElo "2079"]
[BlackElo "2270"]
[PlyCount "88"]
[EventDate "2013.09.06"]
[EventType "team-swiss"]
[EventRounds "9"]
[EventCountry "POL"]
[SourceTitle "EXT 2015"]
[Source "ChessBase"]
[SourceDate "2014.11.20"]
[SourceVersion "1"]
[SourceVersionDate "2014.11.20"]
[SourceQuality "1"]
[WhiteTeam "Prudnik LKS Zarzewie"]
[BlackTeam "Jaworzno JKSz MCKiS"]
[WhiteTeamCountry "POL"]
[BlackTeamCountry "POL"]

1. e4 c5 2. Nf3 e6 3. d4 cxd4 4. Nxd4 a6 5. Bd3 Qc7 6. 0-0 Nf6 7. Qe2 d6 8. f4 Nbd7 9. Nc3 Be7 10. Kh1 b5 11. a3 Bb7 12. Bd2 g6 13. Rae1 e5 14. Nf3 0-0 15. f5 Rfe8 16. fxg6 hxg6 17. Ng5 Kg7 18. Qf3 Rf8 19. Re2 Nc5 20. Ref2 Qd7 21. Qe3 Rh8 22. Qg3 Raf8 23. Nd5 Bxd5 24. exd5 Nxd3 25. cxd3 Bd8 26. d4 exd4 27. Qd3 Qa7 28. Rf4 Rh5 29. Rxd4 Nd7 30. Nf3 Bf6 31. Bc3 Ne5 32. Nxe5 Bxe5 33. h3 Kh7 34. Re4 Bxc3 35. Qxc3 Qb7 36. Rd4 Kg8 37. Qc6 Qe7 38. Rg4 Qe5 39. Rd1 Re8 40. Rf1 Re7 41. Rd1 Qe2 42. Rgd4 Rxh3+ 43. gxh3 Qf3+ 44. Kg1 Re2 0-1

[Event "Ogolnopolski-ch 55th"]
[Site "Zamosc"]
[Date "2013.??.??"]
[Round "2"]
[White "Siekaniec, Jan"]
[Black "Winski, Lukasz"]
[Result "0-1"]
[WhiteElo "2093"]
[BlackElo "2121"]
[PlyCount "58"]
[EventDate "2013.06.07"]
[EventType "swiss"]
[EventRounds "9"]
[EventCountry "POL"]
[SourceTitle "EXT 2014"]
[Source "ChessBase"]
[SourceDate "2013.11.20"]
[SourceVersion "1"]
[SourceVersionDate "2013.11.20"]
[SourceQuality "1"]

1. e4 e6 2. d4 d5 3. Nc3 Nf6 4. e5 Nfd7 5. f4 c5 6. Nf3 Nc6 7. Bd3 Qb6 8. 0-0 c4 9. Be2 Bb4 10. Kh1 Bxc3 11. bxc3 Qa5 12. Bd2 Nb6 13. f5 exf5 14. g4 Ne7 15. Nh4 f4 16. Bxf4 Qxc3 17. Bg5 Nc6 18. e6 Bxe6 19. Nf3 0-0 20. Bd2 Qa3 21. c3 Nd7 22. Qc2 f6 23. Nh4 Rfe8 24. Bf3 Nf8 25. Rae1 Bf7 26. Nf5 Rxe1 27. Rxe1 Rd8 28. h4 Ne6 29. g5 Ncxd4 0-1

[Event "POL-chT 2nd League"]
[Site "Mrzezyno"]
[Date "2011.09.10"]
[Round "8.57"]
[White "Siekaniec, Jan"]
[Black "Gajek, Radoslaw"]
[Result "0-1"]
[WhiteElo "2160"]
[BlackElo "2109"]
[PlyCount "68"]
[EventDate "2011.09.03"]
[EventType "team-swiss"]
[EventRounds "9"]
[EventCountry "POL"]
[SourceTitle "EXT 2019"]
[Source "ChessBase"]
[SourceDate "2018.10.10"]
[SourceVersion "1"]
[SourceVersionDate "2018.10.10"]
[SourceQuality "1"]
[WhiteTeam "Prudnik LKS Zarzewie"]
[BlackTeam "Grudziadz Rotmistrz II"]
[WhiteTeamCountry "POL"]
[BlackTeamCountry "POL"]

1. e4 c5 2. Nf3 e6 3. d4 cxd4 4. Nxd4 a6 5. Nc3 Qc7 6. Be2 b5 7. a3 Bb7 8. 0-0 Nf6 9. Bd3 Bc5 10. Nb3 Be7 11. f4 d6 12. Qf3 Nbd7 13. Bd2 Rc8 14. Rae1 h5 15. Kh1 h4 16. Qh3 Nh5 17. Be3 Ndf6 18. Nd4 Rd8 19. Kg1 g6 20. e5 dxe5 21. Nxe6 fxe6 22. Bxg6+ Kd7 23. Bf7 Kc8 24. Bxe6+ Kb8 25. fxe5 Nd5 26. Nxd5 Bxd5 27. Bxd5 Rxd5 28. Qe6 Rxe5 29. Qxe5 Qxe5 30. Ba7+ Kxa7 31. Rxe5 Bd6 32. Re4 Bc5+ 33. Rf2 Rf8 34. Ree2 Ng3 0-1

[Event "POL-chT 2nd League"]
[Site "Mrzezyno"]
[Date "2011.09.08"]
[Round "6"]
[White "Pazderski, Ziemowit"]
[Black "Siekaniec, Jan"]
[Result "1-0"]
[WhiteElo "2231"]
[BlackElo "2160"]
[PlyCount "65"]
[EventDate "2011.09.03"]
[EventType "team-swiss"]
[EventRounds "9"]
[EventCountry "POL"]
[SourceTitle "EXT 2015"]
[Source "ChessBase"]
[SourceDate "2014.11.20"]
[SourceVersion "1"]
[SourceVersionDate "2014.11.20"]
[SourceQuality "1"]
[WhiteTeam "Zielonka Zieloni"]
[BlackTeam "Prudnik LKS Zarzewie"]
[WhiteTeamCountry "POL"]
[BlackTeamCountry "POL"]

1. d4 Nf6 2. c4 g6 3. Nc3 Bg7 4. e4 d6 5. f3 0-0 6. Be3 Nc6 7. Nge2 a6 8. Qd2 Rb8 9. Rd1 b5 10. cxb5 axb5 11. d5 Ne5 12. Nd4 b4 13. Ncb5 Bd7 14. Rc1 Ra8 15. b3 Ne8 16. Be2 e6 17. 0-0 exd5 18. exd5 Qb8 19. Rc2 Qb7 20. Bc4 c5 21. dxc6 Nxc6 22. Bd5 Ra6 23. Rfc1 Nf6 24. Bxc6 Bxc6 25. Rxc6 Rxc6 26. Rxc6 Nd5 27. Bf2 Nc3 28. Nxc3 Bxd4 29. Nd5 Bc3 30. Qd3 Qa8 31. a4 bxa3 32. Qxc3 a2 33. Ne7# 1-0

[Event "POL-chT 2nd League"]
[Site "Mrzezyno"]
[Date "2011.09.07"]
[Round "5"]
[White "Siekaniec, Jan"]
[Black "Goluch, Piotr"]
[Result "0-1"]
[WhiteElo "2160"]
[BlackElo "2155"]
[PlyCount "66"]
[EventDate "2011.09.03"]
[EventType "team-swiss"]
[EventRounds "9"]
[EventCountry "POL"]
[SourceTitle "EXT 2015"]
[Source "ChessBase"]
[SourceDate "2014.11.20"]
[SourceVersion "1"]
[SourceVersionDate "2014.11.20"]
[SourceQuality "1"]
[WhiteTeam "Prudnik LKS Zarzewie"]
[BlackTeam "Bogatynia UKS SP3"]
[WhiteTeamCountry "POL"]
[BlackTeamCountry "POL"]

1. Nf3 Nf6 2. g3 g6 3. Bg2 Bg7 4. 0-0 0-0 5. d3 d6 6. e4 c5 7. Ne1 Nc6 8. f4 Nd7 9. Nd2 Rb8 10. h4 Nf6 11. c3 Bg4 12. Bf3 h5 13. Ng2 Bxf3 14. Qxf3 Ng4 15. Ne3 Nd4 16. cxd4 Nxe3 17. dxc5 dxc5 18. e5 Nxf1 19. Kxf1 Qd7 20. Ne4 Rbc8 21. Bd2 f6 22. exf6 exf6 23. Bc3 f5 24. Nf2 Bd4 25. Rc1 Rfe8 26. Nd1 Rc6 27. Bd2 Rce6 28. Nc3 b6 29. Re1 Rxe1+ 30. Bxe1 Re3 31. Qa8+ Kg7 32. Nd5 Rxd3 33. Ke2 c4 0-1

[Event "POL-chT 2nd League"]
[Site "Mrzezyno"]
[Date "2011.09.04"]
[Round "2"]
[White "Antkowiak, Grzegorz"]
[Black "Siekaniec, Jan"]
[Result "0-1"]
[WhiteElo "2199"]
[BlackElo "2160"]
[PlyCount "60"]
[EventDate "2011.09.03"]
[EventType "team-swiss"]
[EventRounds "9"]
[EventCountry "POL"]
[SourceTitle "EXT 2015"]
[Source "ChessBase"]
[SourceDate "2014.11.20"]
[SourceVersion "1"]
[SourceVersionDate "2014.11.20"]
[SourceQuality "1"]
[WhiteTeam "Wroclaw Hetman"]
[BlackTeam "Prudnik LKS Zarzewie"]
[WhiteTeamCountry "POL"]
[BlackTeamCountry "POL"]

1. e4 c5 2. c3 Nf6 3. e5 Nd5 4. d4 cxd4 5. cxd4 e6 6. Nc3 Nxc3 7. bxc3 Qc7 8. Bd2 d6 9. f4 Be7 10. Nf3 0-0 11. Bd3 b6 12. Qe2 Bb7 13. 0-0 Nd7 14. Rac1 Rac8 15. c4 Rcd8 16. Bc3 g6 17. g4 dxe5 18. fxe5 Nb8 19. Bb2 Bxf3 20. Rxf3 Nc6 21. d5 Bc5+ 22. Kg2 exd5 23. e6 d4 24. exf7+ Rxf7 25. Rxf7 Qxf7 26. Rf1 Qe7 27. Be4 Kh8 28. Qf3 Ne5 29. Qf4 Nxc4 30. Bc1 Ne3+ 0-1

[Event "POL-chT 2st League"]
[Site "Mrzezyno"]
[Date "2010.09.08"]
[Round "5.81"]
[White "Siekaniec, Jan"]
[Black "Stuczynski, Andrzej"]
[Result "1/2-1/2"]
[WhiteElo "2159"]
[BlackElo "2256"]
[PlyCount "102"]
[EventDate "2010.09.04"]
[EventType "team-swiss"]
[EventRounds "9"]
[EventCountry "POL"]
[SourceTitle "EXT 2019"]
[Source "ChessBase"]
[SourceDate "2018.10.10"]
[SourceVersion "1"]
[SourceVersionDate "2018.10.10"]
[SourceQuality "1"]
[WhiteTeam "Prudnik LKS Zarzewie"]
[BlackTeam "Torun AZS UMK"]
[WhiteTeamCountry "POL"]
[BlackTeamCountry "POL"]

1. e4 e5 2. Nf3 Nc6 3. Bc4 Be7 4. d3 Nf6 5. Bb3 d5 6. Nbd2 0-0 7. 0-0 Re8 8. c3 h6 9. Re1 Bf8 10. Qe2 Be6 11. Ba4 Bd7 12. Nf1 Bd6 13. Ng3 Qe7 14. Bb3 dxe4 15. dxe4 Bc5 16. h3 Kh7 17. Rd1 Rad8 18. Nh2 g6 19. Nhf1 Be6 20. Bd2 Rd6 21. Bxe6 Qxe6 22. b4 Bb6 23. a4 a6 24. Ne3 Red8 25. Nc4 Rd3 26. Nxb6 cxb6 27. Be3 Qc4 28. Rxd3 Rxd3 29. Qf3 Nd7 30. b5 Nd8 31. bxa6 bxa6 32. Rb1 Qxa4 33. Qg4 f6 34. h4 Qa2 35. Rc1 h5 36. Nxh5 Qe6 37. Qe2 Rxe3 38. Qxe3 gxh5 39. Qe2 Nc5 40. Qxh5+ Kg7 41. Re1 Nf7 42. Re3 Kf8 43. Qg6 a5 44. h5 Ng5 45. Qh6+ Ke7 46. Qh8 Qg4 47. Qg7+ Ke6 48. h6 Qd1+ 49. Kh2 Ncxe4 50. Rxe4 Qh5+ 51. Kg1 Qd1+ 1/2-1/2

[Event "POL-chT 2nd League"]
[Site "Ustron"]
[Date "2008.09.14"]
[Round "9.75"]
[White "Siekaniec, Jan"]
[Black "Jablonka, Krzysztof"]
[Result "1-0"]
[WhiteElo "2184"]
[BlackElo "2049"]
[PlyCount "61"]
[EventDate "2008.09.06"]
[EventType "team-swiss"]
[EventRounds "9"]
[EventCountry "POL"]
[SourceTitle "EXT 2015"]
[Source "ChessBase"]
[SourceDate "2014.11.20"]
[SourceVersion "1"]
[SourceVersionDate "2014.11.20"]
[SourceQuality "1"]
[WhiteTeam "Prudnik LKS Zarzewie"]
[BlackTeam "Czerwionka Gornik 23"]
[WhiteTeamCountry "POL"]
[BlackTeamCountry "POL"]

1. e4 e6 2. d3 d5 3. Nd2 dxe4 4. dxe4 e5 5. Ngf3 Bd6 6. Bc4 Nf6 7. 0-0 0-0 8. c3 Qe7 9. Re1 Nc6 10. a4 Be6 11. b4 Bxc4 12. Nxc4 Qe6 13. Qe2 h6 14. g3 a5 15. b5 Ne7 16. Nh4 Nd7 17. Ne3 Nc5 18. Nef5 Kh7 19. Be3 g6 20. Nxd6 cxd6 21. Bxc5 dxc5 22. Nf3 Nc8 23. Qa2 c4 24. Qa3 Nb6 25. Qc5 f6 26. Red1 Rf7 27. Rd6 Qg4 28. Rxb6 Qxf3 29. Qd5 Rc7 30. Rxb7 Rac8 31. b6 1-0